Jurisprudence : (Record no. 27218)
[ view plain ]
| 000 -LEADER | |
|---|---|
| fixed length control field | 01166cam a22003015a 4500 |
| 001 - CONTROL NUMBER | |
| control field | 18699875 |
| 005 - DATE AND TIME OF LATEST TRANSACTION | |
| control field | 20190307122008.0 |
| 008 - FIXED-LENGTH DATA ELEMENTS--GENERAL INFORMATION | |
| fixed length control field | 150714s2015 ncu frb 001 0 eng d |
| 010 ## - LIBRARY OF CONGRESS CONTROL NUMBER | |
| LC control number | 2015946722 |
| 020 ## - INTERNATIONAL STANDARD BOOK NUMBER | |
| International Standard Book Number | 9781611637212 |
| 020 ## - INTERNATIONAL STANDARD BOOK NUMBER | |
| International Standard Book Number | 161163721X |
| 040 ## - CATALOGING SOURCE | |
| Original cataloging agency | DLC |
| Language of cataloging | eng |
| Transcribing agency | DLC |
| Modifying agency | EG-ScBUE |
| 082 04 - DEWEY DECIMAL CLASSIFICATION NUMBER | |
| Classification number | 340.1 |
| Item number | BIX |
| Edition number | 22 |
| 100 1# - MAIN ENTRY--PERSONAL NAME | |
| Personal name | Bix, Brian. |
| 245 10 - TITLE STATEMENT | |
| Title | Jurisprudence : |
| Remainder of title | theory and context / |
| Statement of responsibility, etc | Brian Bix. |
| 250 ## - EDITION STATEMENT | |
| Edition statement | 7th ed. |
| 260 ## - PUBLICATION, DISTRIBUTION, ETC. (IMPRINT) | |
| Place of publication, distribution, etc | Durham, North Carolina : |
| Name of publisher, distributor, etc | Carolina Academic Press, |
| Date of publication, distribution, etc | c.2015. |
| 300 ## - PHYSICAL DESCRIPTION | |
| Extent | xx, 343 p. ; |
| Dimensions | 22 cm. |
| 500 ## - GENERAL NOTE | |
| General note | This edition of Jurisprudence : Theory and Context, 6th edition is published by arrangement with sweet & Maxwell part of Thomson Reuters (Professional) UK Limited, London. |
| 504 ## - BIBLIOGRAPHY, ETC. NOTE | |
| Bibliography, etc | Includes bibliographical references (pages 293-331) and index. |
| 505 0# - FORMATTED CONTENTS NOTE | |
| Formatted contents note | Legal theory : problems and possibilities -- Individual theories about the nature of law -- Themes and principles -- Modern perspectives on legal theories. |
| 650 #7 - SUBJECT ADDED ENTRY--TOPICAL TERM | |
| Topical term or geographic name as entry element | Jurisprudence. |
| Source of heading or term | BUEsh |
| 650 #7 - SUBJECT ADDED ENTRY--TOPICAL TERM | |
| Topical term or geographic name as entry element | Law |
| General subdivision | Philosophy. |
| Source of heading or term | BUEsh |
| 651 ## - SUBJECT ADDED ENTRY--GEOGRAPHIC NAME | |
| Source of heading or term | BUEsh |
| 653 ## - INDEX TERM--UNCONTROLLED | |
| Resource For college | Law |
| Arrived date list | March2019 |
| 655 ## - INDEX TERM--GENRE/FORM | |
| Form subdivision | Text book |
| 942 ## - ADDED ENTRY ELEMENTS (KOHA) | |
| Source of classification or shelving scheme | Dewey Decimal Classification |
| Withdrawn status | Item status | Source of classification or shelving scheme | Damaged status | Not for loan | Vendor | Home library | Current library | Shelving location | Date acquired | Source of acquisition | Cost, normal purchase price | Total Checkouts | Full call number | Barcode | Date last seen | Cost, replacement price | Koha item type | Checked out | Date last borrowed | Total Renewals |
|---|---|---|---|---|---|---|---|---|---|---|---|---|---|---|---|---|---|---|---|---|
| Dewey Decimal Classification | Baccah | Central Library | Central Library | First floor | 07/03/2019 | Purchase | 1350.00 | 340.1 BIX | 000044342 | 10/11/2022 | 1687.50 | NB - Book (Non borrowing) | ||||||||
| Dewey Decimal Classification | Baccah | Central Library | Central Library | First floor | 07/03/2019 | Purchase | 1350.00 | 1 | 340.1 BIX | 000044343 | 26/02/2024 | 1687.50 | NB - Book (Non borrowing) | 27/03/2024 | 26/02/2024 | |||||
| Dewey Decimal Classification | Baccah | Central Library | Central Library | First floor | 07/03/2019 | Purchase | 1350.00 | 2 | 340.1 BIX | 000044344 | 15/07/2025 | 1687.50 | Book - Borrowing | 10/11/2022 | 5 | |||||
| Dewey Decimal Classification | Baccah | Central Library | Central Library | First floor | 07/03/2019 | Purchase | 1350.00 | 340.1 BIX | 000044345 | 15/07/2025 | 1687.50 | Book - Borrowing | ||||||||
| Dewey Decimal Classification | Baccah | Central Library | Central Library | First floor | 07/03/2019 | Purchase | 1350.00 | 1 | 340.1 BIX | 000044346 | 15/07/2025 | 1687.50 | Book - Borrowing | 13/03/2019 |